| 000 | 00519nam a2200217Ia 4500 | ||
|---|---|---|---|
| 005 | 20250425161532.0 | ||
| 008 | 250425s9999 xx 000 0 und d | ||
| 041 | _aspa | ||
| 082 | _a541.042 | ||
| 100 | _aBRANDWEIN, PAUL F. | ||
| 245 | 0 | _aQUÍMICA : LA MATERIA, SUS FORMAS Y SUS CAMBIOS | |
| 250 | _a1A ED. | ||
| 260 | _aMEXICO | ||
| 260 |
_aMéxico _bCULTURAL _c1970 |
||
| 300 | _a562 | ||
| 650 | _aQUIMICA | ||
| 700 | _aBURNETT, R WILL | ||
| 700 | _aSTOLLBERG, ROBERT | ||
| 942 | _c01 | ||
| 010 | _a22502 | ||
| 999 |
_c211155 _d211155 |
||